000 00459nam a2200169Ia 4500
008 221030s9999 xx 000 0 und d
020 _a9788195371419
041 _aEnglish
100 _aV. K. Singhania
245 0 _aStudents Guide to Income Tax Including GST 65th ed.
_cby V. K. Singhania, M. Singhania
250 _a65th
260 _bTaxmann Pub.
_aNew Delhi
_c2021
300 _a1045
650 _aManagement
700 _aM. Singhania
942 _cBK
999 _c18655
_d18655